六曜​​ - Statistics

General Stats
  • This quiz has been taken 220 times
  • The average score is 5 of 6
Answer Stats
六曜 吉凶 % Correct
仏滅 万事に凶
89%
大安 何事においても吉
89%
先勝 午前は吉、午後は凶
80%
先負 午前は凶、午後は吉
79%
友引 朝晩は吉、昼は凶
78%
赤口 午の刻のみ吉で、それ以外は凶
76%
No matching quizzes found
Score Distribution
Percent of People with Each Score
Percentile by Number Answered
Your Score History
You have not taken this quiz